[Event "Labour Day op"]
[Site "Langley CAN"]
[Date "2009.09.06"]
[Round "4.14"]
[White "Lee, Jonah"]
[Black "Lo, Ryan"]
[Result "1-0"]
[WhiteElo "1504"]
[BlackElo "1656"]
[PlyCount "96"]
[GameId "2160767910092919"]
[EventDate "2009.09.05"]
[EventType "swiss"]
[EventRounds "6"]
[EventCountry "CAN"]
[SourceTitle "EXT 2022"]
[Source "ChessBase"]
[SourceDate "2021.10.06"]
[SourceVersion "1"]
[SourceVersionDate "2021.10.06"]
[SourceQuality "1"]

1. c4 e6 2. Nf3 b6 3. g3 Bb7 4. Bg2 c5 5. Nc3 Ne7 6. b3 d5 7. cxd5 exd5 8. d4 g6 9. Bb2 Bg7 10. O-O O-O 11. Na4 Nd7 12. dxc5 bxc5 13. Bxg7 Kxg7 14. Rc1 Rc8 15. Nxc5 Nxc5 16. Qd4+ Kg8 17. Rxc5 Nf5 18. Rxc8 Nxd4 19. Rxd8 Nxe2+ 20. Kh1 Rxd8 21. Ng1 Nxg1 22. Kxg1 Ba6 23. Rd1 d4 24. Bf1 Bb7 25. Bc4 Kg7 26. Kf1 Kf6 27. Re1 a5 28. a4 Bc6 29. f4 Bd5 30. Bxd5 Rxd5 31. Ke2 d3+ 32. Kd2 Kf5 33. Re3 h5 34. Rxd3 Rxd3+ 35. Kxd3 Kg4 36. b4 axb4 37. a5 b3 38. a6 b2 39. Kc2 Kh3 40. a7 Kxh2 41. a8=Q b1=Q+ 42. Kxb1 Kxg3 43. Qe8 Kxf4 44. Qxf7+ Kg5 45. Kc2 h4 46. Qf3 Kh6 47. Qg4 g5 48. Kd3 Kg6 1-0

[Event "Labour Day op"]
[Site "Langley CAN"]
[Date "2009.09.06"]
[Round "4.16"]
[White "Straka, Petr"]
[Black "Sullivan, Brian"]
[Result "0-1"]
[WhiteElo "1192"]
[BlackElo "1644"]
[PlyCount "60"]
[GameId "2160767910092920"]
[EventDate "2009.09.05"]
[EventType "swiss"]
[EventRounds "6"]
[EventCountry "CAN"]
[SourceTitle "EXT 2022"]
[Source "ChessBase"]
[SourceDate "2021.10.06"]
[SourceVersion "1"]
[SourceVersionDate "2021.10.06"]
[SourceQuality "1"]

1. d4 d5 2. Nc3 Nf6 3. Nf3 e6 4. Bg5 c5 5. e3 Nbd7 6. Be2 h6 7. Bxf6 Qxf6 8. O-O Bd6 9. Nb5 Bb8 10. b3 O-O 11. c4 a6 12. Nc3 cxd4 13. Qxd4 dxc4 14. Qxf6 Nxf6 15. Bxc4 b5 16. Be2 Bb7 17. Rad1 Bc7 18. Rd2 Ba5 19. Rc2 Rac8 20. Rfc1 b4 21. Nb1 Rxc2 22. Rxc2 Be4 23. Rc1 Rd8 24. a3 Bxb1 25. axb4 Be4 26. h3 Nd5 27. Rd1 Rc8 28. Bd3 Bxf3 29. gxf3 Rc3 30. Bb1 g6 0-1

[Event "Labour Day op"]
[Site "Langley CAN"]
[Date "2009.09.07"]
[Round "4.17"]
[White "Paulson, Stewart"]
[Black "Kornienkoc, Alexander"]
[Result "1-0"]
[WhiteElo "1596"]
[BlackElo "1643"]
[PlyCount "95"]
[GameId "2160767910092921"]
[EventDate "2009.09.05"]
[EventType "swiss"]
[EventRounds "6"]
[EventCountry "CAN"]
[SourceTitle "EXT 2022"]
[Source "ChessBase"]
[SourceDate "2021.10.06"]
[SourceVersion "1"]
[SourceVersionDate "2021.10.06"]
[SourceQuality "1"]

1. d4 d5 2. Nf3 Nc6 3. c3 Nf6 4. Bg5 Bg4 5. Nbd2 e6 6. Ne5 Be7 7. h3 Bf5 8. Ndf3 Nxe5 9. dxe5 Nd7 10. Qb3 b6 11. Bxe7 Qxe7 12. e3 Nc5 13. Qb5+ Qd7 14. Qxd7+ Nxd7 15. Bb5 O-O-O 16. Nd4 Nc5 17. O-O Bd3 18. Bxd3 Nxd3 19. f4 Rde8 20. Rab1 Nc5 21. c4 c6 22. Nxc6 Kb7 23. cxd5 exd5 24. Nd4 Ne4 25. Rfd1 a5 26. a4 Ka6 27. Nb5 Rc8 28. Rxd5 Rc5 29. Rd7 Ra8 30. Nc7+ Rxc7 31. Rxc7 Ra7 32. Rxa7+ Kxa7 33. Rd1 Nc5 34. Rd4 f6 35. b4 fxe5 36. fxe5 axb4 37. Rxb4 Ka6 38. Rd4 Ka5 39. e4 Ne6 40. Rd6 Nc5 41. Rd5 Kb4 42. Rd6 Nxe4 43. Rxb6+ Kc5 44. a5 Ng5 45. e6 Nxe6 46. Rxe6 Kd5 47. Rb6 Kc5 48. Rb1 1-0

[Event "Labour Day op"]
[Site "Langley CAN"]
[Date "2009.09.07"]
[Round "5"]
[White "McLaren, Brian"]
[Black "Davidson, Brian"]
[Result "1-0"]
[WhiteElo "2247"]
[BlackElo "1588"]
[PlyCount "87"]
[GameId "2160767910092922"]
[EventDate "2009.09.05"]
[EventType "swiss"]
[EventRounds "6"]
[EventCountry "CAN"]
[SourceTitle "EXT 2022"]
[Source "ChessBase"]
[SourceDate "2021.10.06"]
[SourceVersion "1"]
[SourceVersionDate "2021.10.06"]
[SourceQuality "1"]

1. Nf3 Nf6 2. g3 Nc6 3. Bg2 e6 4. d4 b6 5. O-O Bb7 6. c4 d5 7. Nbd2 Be7 8. b3 O-O 9. Bb2 Rb8 10. Rc1 h6 11. a3 Re8 12. Rc2 Qd7 13. Qa1 Na5 14. Ne5 Qd8 15. b4 Nxc4 16. Ndxc4 dxc4 17. Nc6 Bxc6 18. Bxc6 Rf8 19. Rxc4 b5 20. Rc2 a6 21. Qc1 Qc8 22. e4 Bd8 23. Qf4 Nh7 24. h4 Rb6 25. Bc1 Kh8 26. Be3 g5 27. hxg5 Bxg5 28. Qf3 Bxe3 29. Qxe3 Kg7 30. Kg2 Qd8 31. Rh1 Qf6 32. e5 Qg5 33. f4 Rxc6 34. Rxc6 Qd8 35. Rc5 f5 36. Rd1 Rf7 37. d5 Rd7 38. d6 cxd6 39. exd6 Nf6 40. Qxe6 Qa8+ 41. Rdd5 Nxd5 42. Qxd7+ Kg6 43. Qc6 Ne3+ 44. Kf3 1-0

[Event "Labour Day op"]
[Site "Langley CAN"]
[Date "2009.09.07"]
[Round "5.1"]
[White "Sohal, Tanraj"]
[Black "Patterson, Roger"]
[Result "1/2-1/2"]
[WhiteElo "2102"]
[BlackElo "2197"]
[PlyCount "41"]
[GameId "2160767910092923"]
[EventDate "2009.09.05"]
[EventType "swiss"]
[EventRounds "6"]
[EventCountry "CAN"]
[SourceTitle "EXT 2022"]
[Source "ChessBase"]
[SourceDate "2021.10.06"]
[SourceVersion "1"]
[SourceVersionDate "2021.10.06"]
[SourceQuality "1"]

1. d4 Nf6 2. c4 e6 3. Nc3 Bb4 4. Qc2 O-O 5. a3 Bxc3+ 6. Qxc3 d6 7. Bg5 Nbd7 8. Nf3 b6 9. e3 Bb7 10. Be2 Qe7 11. O-O h6 12. Bxf6 Nxf6 13. Nd2 c5 14. dxc5 dxc5 15. Bf3 Rad8 16. Bxb7 Qxb7 17. Nf3 Rd6 18. Rfd1 Rfd8 19. Qc2 Qe4 20. Rxd6 Rxd6 21. Qe2 1/2-1/2

[Event "Labour Day op"]
[Site "Langley CAN"]
[Date "2009.09.07"]
[Round "5.3"]
[White "Campos, Eugenio"]
[Black "Trochtchanovitch, Pavel"]
[Result "1-0"]
[WhiteElo "1993"]
[BlackElo "2100"]
[PlyCount "72"]
[GameId "2160767910092924"]
[EventDate "2009.09.05"]
[EventType "swiss"]
[EventRounds "6"]
[EventCountry "CAN"]
[SourceTitle "EXT 2022"]
[Source "ChessBase"]
[SourceDate "2021.10.06"]
[SourceVersion "1"]
[SourceVersionDate "2021.10.06"]
[SourceQuality "1"]

1. d4 d5 2. Nd2 Nf6 3. e3 Bf5 4. f4 e6 5. Ngf3 Nbd7 6. Be2 Ne4 7. Nxe4 Bxe4 8. O-O Bd6 9. c4 c6 10. Bd2 h6 11. Be1 g5 12. Ne5 f6 13. Bh5+ Ke7 14. Nf7 Qg8 15. Nxh8 Qxh8 16. Bf3 Bxf3 17. Qxf3 f5 18. cxd5 exd5 19. fxg5 hxg5 20. Bg3 Bxg3 21. Qxg3 Qf6 22. Rf2 Rf8 23. Qc7 g4 24. g3 Qd6 25. Qxb7 Rb8 26. Qxa7 Ke6 27. Raf1 Rf8 28. a3 Rf6 29. Qa8 f4 30. exf4 Kf7 31. Re2 Re6 32. Rfe1 Rxe2 33. Rxe2 Nf6 34. Qa5 Qd7 35. f5 Ne4 36. Rxe4 dxe4 1-0

[Event "Labour Day op"]
[Site "Langley CAN"]
[Date "2009.09.07"]
[Round "5.8"]
[White "Leblanc, Paul"]
[Black "Angelvette, Duane"]
[Result "1-0"]
[WhiteElo "1848"]
[BlackElo "1790"]
[PlyCount "95"]
[GameId "2160767910092925"]
[EventDate "2009.09.05"]
[EventType "swiss"]
[EventRounds "6"]
[EventCountry "CAN"]
[SourceTitle "EXT 2022"]
[Source "ChessBase"]
[SourceDate "2021.10.06"]
[SourceVersion "1"]
[SourceVersionDate "2021.10.06"]
[SourceQuality "1"]

1. d4 Nf6 2. Bg5 c5 3. Bxf6 exf6 4. d5 d6 5. e3 Be7 6. Bd3 Qb6 7. b3 f5 8. Nd2 Bf6 9. Rb1 Na6 10. a3 O-O 11. Ne2 Qd8 12. O-O Nc7 13. c4 Bd7 14. Qc2 g6 15. Rfe1 b5 16. e4 bxc4 17. bxc4 fxe4 18. Nxe4 Be7 19. Rb7 f5 20. Nd2 Bf6 21. Reb1 Bc8 22. R7b3 Bd7 23. Nc3 Re8 24. Nb5 Nxb5 25. cxb5 Qe7 26. Bc4 Qe4 27. a4 Qf4 28. g3 Qg4 29. Qd3 f4 30. Qf3 Qxf3 31. Rxf3 Bf5 32. Bd3 Bxd3 33. Rxd3 fxg3 34. hxg3 Re2 35. Nc4 Bd4 36. Rf3 Rd8 37. a5 Rc2 38. Ne3 Rb2 39. Rxb2 Bxb2 40. Nc4 Be5 41. b6 axb6 42. axb6 Rb8 43. Ra3 g5 44. Ra7 h5 45. b7 Kf7 46. Na5 c4 47. Nxc4 Bd4 48. Nxd6+ 1-0

[Event "Labour Day op"]
[Site "Langley CAN"]
[Date "2009.09.07"]
[Round "5.9"]
[White "Kyriakides, Savvas"]
[Black "Long, Hugh"]
[Result "1-0"]
[WhiteElo "1980"]
[BlackElo "1686"]
[PlyCount "77"]
[GameId "2160767910092926"]
[EventDate "2009.09.05"]
[EventType "swiss"]
[EventRounds "6"]
[EventCountry "CAN"]
[SourceTitle "EXT 2022"]
[Source "ChessBase"]
[SourceDate "2021.10.06"]
[SourceVersion "1"]
[SourceVersionDate "2021.10.06"]
[SourceQuality "1"]

1. e4 e5 2. Nf3 Nf6 3. Bb5 a6 4. Bc4 Nc6 5. O-O b5 6. Bb3 Be7 7. Re1 d6 8. h3 Na5 9. c3 Nxb3 10. Qxb3 O-O 11. d4 exd4 12. cxd4 Bb7 13. Nbd2 c5 14. a4 d5 15. e5 Ne4 16. axb5 c4 17. Qc2 axb5 18. Rxa8 Qxa8 19. Nxe4 dxe4 20. Ng5 Qd8 21. Nxe4 Qxd4 22. Ng5 Qd3 23. Qxd3 cxd3 24. Ne4 Bb4 25. Bd2 Bxd2 26. Nxd2 b4 27. Rc1 Rc8 28. Rxc8+ Bxc8 29. f4 Kf8 30. Kf2 Ke7 31. Ke3 Ba6 32. Ne4 h6 33. g4 g6 34. Nf2 Ke6 35. Nxd3 Bxd3 36. Kxd3 Kd5 37. h4 h5 38. gxh5 gxh5 39. b3 1-0

[Event "Labour Day op"]
[Site "Langley CAN"]
[Date "2009.09.07"]
[Round "5.10"]
[White "Han, Yiming"]
[Black "Hui, Jeremy"]
[Result "1-0"]
[WhiteElo "1771"]
[BlackElo "1580"]
[PlyCount "69"]
[GameId "2160767910092927"]
[EventDate "2009.09.05"]
[EventType "swiss"]
[EventRounds "6"]
[EventCountry "CAN"]
[SourceTitle "EXT 2022"]
[Source "ChessBase"]
[SourceDate "2021.10.06"]
[SourceVersion "1"]
[SourceVersionDate "2021.10.06"]
[SourceQuality "1"]

1. e4 e6 2. d4 d5 3. Nc3 Bb4 4. e5 c5 5. a3 Bxc3+ 6. bxc3 Nc6 7. h4 Nge7 8. h5 h6 9. Nf3 Bd7 10. g4 Qc7 11. g5 O-O-O 12. gxh6 gxh6 13. Rg1 Nf5 14. Bh3 Rde8 15. Be3 Qa5 16. Qd2 cxd4 17. cxd4 Rhg8 18. Qxa5 Nxa5 19. Bxf5 exf5 20. Rh1 Re6 21. Ke2 Ba4 22. c3 Rc6 23. Bd2 Nb3 24. Rag1 Rg4 25. Rh4 Rxg1 26. Nxg1 Na1 27. Rf4 Bc2 28. Nf3 Kd7 29. Nh4 Ke6 30. Rf3 Be4 31. Rg3 Kd7 32. f3 Bc2 33. Rg8 a6 34. Ng2 Bb3 35. Ne3 1-0

[Event "Labour Day op"]
[Site "Langley CAN"]
[Date "2009.09.07"]
[Round "5.12"]
[White "Kornienkoc, Alexander"]
[Black "Martinson, Rick"]
[Result "1-0"]
[WhiteElo "1643"]
[BlackElo "1697"]
[PlyCount "63"]
[GameId "2160767910092928"]
[EventDate "2009.09.05"]
[EventType "swiss"]
[EventRounds "6"]
[EventCountry "CAN"]
[SourceTitle "EXT 2022"]
[Source "ChessBase"]
[SourceDate "2021.10.06"]
[SourceVersion "1"]
[SourceVersionDate "2021.10.06"]
[SourceQuality "1"]

1. e4 c5 2. Nc3 d6 3. f4 Nc6 4. Nf3 g6 5. Bb5 Bg7 6. O-O Bd7 7. Bxc6 bxc6 8. d3 Nf6 9. Qe1 O-O 10. Qh4 h5 11. f5 Nh7 12. Ne2 Bf6 13. Qg3 Kh8 14. fxg6 fxg6 15. Nf4 Be8 16. Ne6 Qc8 17. Nxf8 Nxf8 18. e5 dxe5 19. Nxe5 Kh7 20. Bg5 Qd8 21. Bxf6 exf6 22. Nc4 Bd7 23. Rae1 Be6 24. Nd6 f5 25. Re3 h4 26. Qe5 Qd7 27. Rfe1 Rd8 28. Nc4 Qf7 29. c3 Rd5 30. Qf4 Qf6 31. Qc7+ Kh6 32. Qxc6 1-0

[Event "Labour Day op"]
[Site "Langley CAN"]
[Date "2009.09.07"]
[Round "5.16"]
[White "Lo, Ryan"]
[Black "Straka, Petr"]
[Result "1-0"]
[WhiteElo "1656"]
[BlackElo "1192"]
[PlyCount "87"]
[GameId "2160767910092929"]
[EventDate "2009.09.05"]
[EventType "swiss"]
[EventRounds "6"]
[EventCountry "CAN"]
[SourceTitle "EXT 2022"]
[Source "ChessBase"]
[SourceDate "2021.10.06"]
[SourceVersion "1"]
[SourceVersionDate "2021.10.06"]
[SourceQuality "1"]

1. d4 d5 2. c4 Nf6 3. cxd5 Nxd5 4. e4 Nb6 5. Nc3 e6 6. Be3 Bb4 7. a3 Bxc3+ 8. bxc3 N8d7 9. h3 Qe7 10. Nf3 h6 11. Be2 Nf8 12. O-O Bd7 13. a4 a5 14. Qb3 Bc6 15. Bb5 Nfd7 16. Nd2 O-O 17. Rfe1 Rfd8 18. f3 Kh8 19. Nb1 Kg8 20. Na3 Kh8 21. Nc2 Kg8 22. Bf2 Qd6 23. Rad1 Bxb5 24. Qxb5 Qc6 25. Qxc6 bxc6 26. Ra1 Rab8 27. Reb1 Nc4 28. Bg3 e5 29. Na3 Rxb1+ 30. Nxb1 f6 31. Na3 Nxa3 32. Rxa3 Rb8 33. Be1 c5 34. dxc5 Nxc5 35. c4 Rb3 36. Rxb3 Nxb3 37. Kf2 c5 38. Ke3 Nd4 39. Bxa5 Nc2+ 40. Kd2 Nd4 41. Bb6 Kf7 42. Kd3 Ne6 43. a5 Ke8 44. a6 1-0

[Event "Labour Day op"]
[Site "Langley CAN"]
[Date "2009.09.07"]
[Round "5.18"]
[White "Dawson, Jeffrey"]
[Black "Lohner, Jason"]
[Result "0-1"]
[WhiteElo "1243"]
[BlackElo "1428"]
[PlyCount "56"]
[GameId "2160767910092930"]
[EventDate "2009.09.05"]
[EventType "swiss"]
[EventRounds "6"]
[EventCountry "CAN"]
[SourceTitle "EXT 2022"]
[Source "ChessBase"]
[SourceDate "2021.10.06"]
[SourceVersion "1"]
[SourceVersionDate "2021.10.06"]
[SourceQuality "1"]

1. d4 Nf6 2. c4 g6 3. Nc3 Bg7 4. e4 d6 5. b4 O-O 6. d5 c6 7. f4 Nxe4 8. Nxe4 Bxa1 9. Ba3 Bg7 10. g3 Bf5 11. Ng5 h6 12. N5f3 Nd7 13. Nd2 Nf6 14. Bh3 Bxh3 15. Nxh3 Qd7 16. Ng1 e6 17. dxe6 Qxe6+ 18. Qe2 Qxe2+ 19. Nxe2 Rfe8 20. h3 Re7 21. g4 Rae8 22. Rh2 Ne4 23. Nxe4 Rxe4 24. c5 dxc5 25. bxc5 Rxf4 26. Kd1 Rfe4 27. Rg2 Re3 28. h4 Rxa3 0-1

[Event "Labour Day op"]
[Site "Langley CAN"]
[Date "2009.09.07"]
[Round "6"]
[White "Han, Yiming"]
[Black "Kornienkoc, Alexander"]
[Result "1-0"]
[WhiteElo "1771"]
[BlackElo "1643"]
[PlyCount "57"]
[GameId "2160767910092931"]
[EventDate "2009.09.05"]
[EventType "swiss"]
[EventRounds "6"]
[EventCountry "CAN"]
[SourceTitle "EXT 2022"]
[Source "ChessBase"]
[SourceDate "2021.10.06"]
[SourceVersion "1"]
[SourceVersionDate "2021.10.06"]
[SourceQuality "1"]

1. e4 e6 2. d4 d5 3. Nc3 Nf6 4. e5 Nfd7 5. f4 c5 6. Nf3 Nc6 7. Be3 a6 8. Be2 b5 9. O-O cxd4 10. Bxd4 Bc5 11. Kh1 Nxd4 12. Nxd4 Qb6 13. Nf3 Bb7 14. Bd3 h6 15. a4 b4 16. a5 Qc7 17. Ne2 g5 18. f5 O-O-O 19. c3 bxc3 20. bxc3 Nxe5 21. Nxe5 Qxe5 22. Rb1 Bd6 23. Ng3 Rd7 24. fxe6 fxe6 25. Qa4 Rhh7 26. Bxh7 d4 27. cxd4 Qe3 28. Qc2+ Rc7 29. Qd3 1-0

[Event "Labour Day op"]
[Site "Langley CAN"]
[Date "2009.09.07"]
[Round "6.8"]
[White "Sullivan, Brian"]
[Black "Lai, Peter"]
[Result "1/2-1/2"]
[WhiteElo "1644"]
[BlackElo "1754"]
[PlyCount "48"]
[GameId "2160767910092932"]
[EventDate "2009.09.05"]
[EventType "swiss"]
[EventRounds "6"]
[EventCountry "CAN"]

1. e4 e6 2. d4 d5 3. Nc3 Nf6 4. e5 Nfd7 5. f4 c5 6. Nf3 Nc6 7. Be3 Qb6 8. Na4 Qa5+ 9. c3 cxd4 10. Nxd4 Nxd4 11. Bxd4 b5 12. b4 Qxa4 13. Qxa4 bxa4 14. Bb5 Bb7 15. O-O Be7 16. Bxa4 Bd8 17. f5 Bb6 18. fxe6 Bxd4+ 19. cxd4 fxe6 20. Bxd7+ Kxd7 21. Rf7+ Kc6 22. a4 Rab8 23. Rc1+ Kb6 24. Rcc7 a5 1/2-1/2

[Event "Labour Day op U1600"]
[Site "Toronto CAN"]
[Date "2009.09.07"]
[Round "5"]
[White "Arulsubramaniam, Babujie"]
[Black "Karpik, Steve"]
[Result "1-0"]
[WhiteElo "1398"]
[BlackElo "1522"]
[PlyCount "87"]
[GameId "2160767910092933"]
[EventDate "2009.09.05"]
[EventType "swiss"]
[EventRounds "6"]
[EventCountry "CAN"]
[SourceTitle "EXT 2011"]
[Source "ChessBase"]
[SourceDate "2011.11.26"]
[SourceVersion "1"]
[SourceVersionDate "2011.11.26"]
[SourceQuality "1"]

1. e4 d6 2. d4 Nf6 3. Nc3 g6 4. Bc4 Bg7 5. Bg5 O-O 6. Qf3 Nc6 7. Nge2 Bg4 8. Qf4 e5 9. Bxf6 exf4 10. Bxd8 Raxd8 11. f3 Bd7 12. O-O-O a6 13. Nd5 b5 14. Bb3 a5 15. Nxc7 a4 16. Bd5 Nb4 17. Nc3 Rb8 18. a3 Nxd5 19. N3xd5 Kh8 20. Na6 Rb7 21. Nxf4 Rc8 22. Kb1 Rc4 23. c3 Bh6 24. Nd5 Ra7 25. Nab4 Be6 26. h4 f5 27. Rde1 fxe4 28. Rxe4 Bf5 29. Nf6 Bxe4+ 30. Nxe4 Rd7 31. g4 Bf4 32. Nd5 Bh6 33. Nb6 Rcc7 34. Nxd7 Rxd7 35. g5 Bg7 36. h5 gxh5 37. Rxh5 d5 38. Nc5 Re7 39. g6 Bf6 40. gxh7 Re3 41. Rxd5 Rxf3 42. Ne6 Rf1+ 43. Ka2 Kxh7 44. Rxb5 1-0

[Event "Labour Day op U1600"]
[Site "Toronto CAN"]
[Date "2009.09.07"]
[Round "6"]
[White "Hou, Louisa Qianqian"]
[Black "Dattani, Dinesh"]
[Result "0-1"]
[WhiteElo "1229"]
[BlackElo "1412"]
[PlyCount "102"]
[GameId "2160767910092934"]
[EventDate "2009.09.05"]
[EventType "swiss"]
[EventRounds "6"]
[EventCountry "CAN"]

1. d4 d5 2. c4 c6 3. Nc3 Nf6 4. Nf3 Nbd7 5. e3 e6 6. Bd3 dxc4 7. Bxc4 b5 8. Bb3 Bb4 9. Bd2 O-O 10. O-O Bb7 11. Re1 a6 12. Rc1 c5 13. a3 Ba5 14. Ba2 Bb6 15. dxc5 Nxc5 16. Bb1 Bxf3 17. Qxf3 Qxd2 18. Red1 Qxb2 19. Rc2 Qxa3 20. Rd4 Ncd7 21. Rdd2 Rac8 22. Ne4 Rxc2 23. Rxc2 Nxe4 24. Qxe4 Nf6 25. Qc6 Qb4 26. Rc1 Qa5 27. h3 h6 28. Rd1 Rd8 29. Rc1 g6 30. g3 Kg7 31. Kg2 b4 32. Qc2 Qd5+ 33. Kh2 Qd2 34. Qxd2 Rxd2 35. Kg2 Bxe3 36. Kf3 Bxf2 37. Rc6 Bxg3 38. Kxg3 a5 39. Ra6 Rd5 40. Ra7 b3 41. Kf3 Nd7 42. Be4 Ne5+ 43. Ke2 Rc5 44. Kd1 b2 45. Rb7 Rc4 46. Bc2 Rd4+ 47. Ke2 Nc4 48. Bd3 a4 49. Bxc4 Rxc4 50. Rxb2 a3 51. Ra2 Ra4 0-1

[Event "Labour Day op U2200"]
[Site "Toronto CAN"]
[Date "2009.09.05"]
[Round "1"]
[White "Armstrong, Robert J"]
[Black "Abrahams, Daniel"]
[Result "0-1"]
[WhiteElo "1814"]
[BlackElo "2020"]
[PlyCount "64"]
[GameId "2160767910092936"]
[EventDate "2009.09.05"]
[EventType "swiss"]
[EventRounds "6"]
[EventCountry "CAN"]
[SourceTitle "EXT 2011"]
[Source "ChessBase"]
[SourceDate "2011.11.26"]
[SourceVersion "1"]
[SourceVersionDate "2011.11.26"]
[SourceQuality "1"]

1. d4 Nf6 2. c4 e6 3. Nf3 b6 4. e3 Bb7 5. Bd3 Be7 6. O-O O-O 7. Nc3 d5 8. b3 Nbd7 9. Bb2 c5 10. cxd5 exd5 11. Rc1 cxd4 12. Nxd4 Re8 13. Ncb5 Nc5 14. Bb1 a6 15. b4 axb5 16. bxc5 bxc5 17. Nxb5 Qb6 18. a4 Red8 19. Bxf6 Qxf6 20. Qc2 Qh4 21. f4 Ra6 22. Rf3 g6 23. Rh3 Qf6 24. f5 Qe5 25. Rf1 Rda8 26. Qf2 Rf8 27. Qf3 Bc8 28. Rg3 Rxa4 29. Qh5 Qxg3 30. fxg6 hxg6 31. Qxd5 Qxe3+ 32. Kh1 Rf4 0-1

[Event "Labour Day op U2200"]
[Site "Toronto CAN"]
[Date "2009.09.05"]
[Round "1"]
[White "Verde, Pino"]
[Black "Arfin, Sam"]
[Result "1-0"]
[WhiteElo "1757"]
[BlackElo "1914"]
[PlyCount "39"]
[GameId "2160767910092937"]
[EventDate "2009.09.05"]
[EventType "swiss"]
[EventRounds "6"]
[EventCountry "CAN"]
[SourceTitle "EXT 2011"]
[Source "ChessBase"]
[SourceDate "2011.11.26"]
[SourceVersion "1"]
[SourceVersionDate "2011.11.26"]
[SourceQuality "1"]

1. e4 c5 2. Nf3 g6 3. Bc4 Bg7 4. c3 e6 5. O-O Ne7 6. Re1 O-O 7. d3 d5 8. exd5 Nxd5 9. Nbd2 b6 10. Nf1 Bb7 11. Ne3 Nf4 12. Ng4 Qd6 13. Nge5 Bxe5 14. Nxe5 Nxg2 15. Nxf7 Rxf7 16. Rxe6 Qd7 17. Qg4 Kg7 18. Qg5 Qc7 19. Qh6+ Kg8 20. Re8# 1-0

[Event "Labour Day op U2200"]
[Site "Toronto CAN"]
[Date "2009.09.05"]
[Round "2"]
[White "Giblon, Rebecca"]
[Black "Pishdad, Hassan"]
[Result "1-0"]
[WhiteElo "1530"]
[BlackElo "1376"]
[PlyCount "67"]
[GameId "2160767910092938"]
[EventDate "2009.09.05"]
[EventType "swiss"]
[EventRounds "6"]
[EventCountry "CAN"]
[SourceTitle "EXT 2011"]
[Source "ChessBase"]
[SourceDate "2011.11.26"]
[SourceVersion "1"]
[SourceVersionDate "2011.11.26"]
[SourceQuality "1"]

1. e4 c5 2. Nf3 Nc6 3. d4 cxd4 4. Nxd4 d6 5. Nc3 Bd7 6. Be3 Nf6 7. h3 e5 8. Ndb5 Be6 9. Qd2 a6 10. Na3 b5 11. Nd5 Nxe4 12. Qd3 f5 13. Bb6 Nc5 14. Qd1 Qb8 15. Nc7+ Kf7 16. Nxa8 Qxa8 17. Bxc5 dxc5 18. c3 Be7 19. g4 Nb8 20. Rg1 Rd8 21. Qe2 Qd5 22. gxf5 Bxf5 23. Bg2 Qe6 24. Qf3 e4 25. Qe2 Nc6 26. Nc2 Ne5 27. Ne3 Nd3+ 28. Kf1 Bxh3 29. Qh5+ Kg8 30. Bxh3 Qf6 31. Ng4 Qg5 32. Nh6+ gxh6 33. Rxg5+ hxg5 34. Bf5 1-0

[Event "Labour Day op U2200"]
[Site "Toronto CAN"]
[Date "2009.09.05"]
[Round "2"]
[White "Zhang, Brent"]
[Black "Armstrong, Robert J"]
[Result "1-0"]
[WhiteElo "1964"]
[BlackElo "1814"]
[PlyCount "80"]
[GameId "2160767910092939"]
[EventDate "2009.09.05"]
[EventType "swiss"]
[EventRounds "6"]
[EventCountry "CAN"]
[SourceTitle "EXT 2011"]
[Source "ChessBase"]
[SourceDate "2011.11.26"]
[SourceVersion "1"]
[SourceVersionDate "2011.11.26"]
[SourceQuality "1"]

1. e4 g6 2. Nf3 Bg7 3. Nc3 d6 4. d4 Nf6 5. Bc4 Nxe4 6. Bxf7+ Kxf7 7. Nxe4 Re8 8. Bf4 Kg8 9. Qd2 c6 10. O-O-O Qb6 11. Bh6 Nd7 12. Bxg7 Kxg7 13. h4 Nf6 14. Nxf6 exf6 15. h5 Bf5 16. hxg6 Bxg6 17. Qh6+ Kf7 18. Nh4 Rg8 19. Rhe1 Qc7 20. g4 Rae8 21. f4 Rxe1 22. Rxe1 Qa5 23. Re2 Qxa2 24. f5 Qc4 25. fxg6+ hxg6 26. Qe3 Kg7 27. Nf5+ gxf5 28. gxf5 Qf7 29. Qg3+ Kf8 30. Qxd6+ Kg7 31. Rg2+ Kh8 32. Rh2+ Kg7 33. Qf4 Kf8 34. Qd6+ Kg7 35. Rh4 b6 36. b3 a5 37. Re4 Kh6 38. Qh2+ Qh5 39. Rh4 Rg5 40. Rxh5+ Rxh5 1-0

[Event "Labour Day op U2200"]
[Site "Toronto CAN"]
[Date "2009.09.06"]
[Round "3"]
[White "Gladstone, Simon"]
[Black "Armstrong, Robert J"]
[Result "1/2-1/2"]
[WhiteElo "1927"]
[BlackElo "1814"]
[PlyCount "93"]
[GameId "2160767910092940"]
[EventDate "2009.09.05"]
[EventType "swiss"]
[EventRounds "6"]
[EventCountry "CAN"]
[SourceTitle "EXT 2011"]
[Source "ChessBase"]
[SourceDate "2011.11.26"]
[SourceVersion "1"]
[SourceVersionDate "2011.11.26"]
[SourceQuality "1"]

1. e4 g6 2. d4 Bg7 3. Nc3 d6 4. f4 Nf6 5. e5 dxe5 6. dxe5 Qxd1+ 7. Kxd1 Ng4 8. Ke1 c6 9. h3 Nh6 10. g4 Be6 11. Nf3 Nd7 12. Be3 Nb6 13. Bxb6 axb6 14. Nd4 Bd7 15. Rd1 O-O-O 16. Bc4 c5 17. Ndb5 Bc6 18. Nd5 Kb8 19. Rh2 Bxd5 20. Bxd5 e6 21. Bf3 Rxd1+ 22. Kxd1 Rd8+ 23. Rd2 Rxd2+ 24. Kxd2 Bf8 25. c4 Ng8 26. g5 h6 27. h4 h5 28. Kd3 Kc8 29. a3 Be7 30. Nc3 Bd8 31. Ne4 Bc7 32. b4 cxb4 33. axb4 Ne7 34. Ng3 Kb8 35. b5 Kc8 36. Bg2 Kb8 37. Bh3 Kc8 38. Ne4 Kd7 39. Kd4 Nf5+ 40. Bxf5 exf5 41. Nf6+ Ke6 42. Nd5 Bd8 43. Kd3 Kd7 44. Kc3 Ke6 45. Kd4 Kd7 46. Kd3 Ke6 47. Kd4 1/2-1/2

[Event "Labour Day op U2200"]
[Site "Toronto CAN"]
[Date "2009.09.06"]
[Round "4"]
[White "Armstrong, Robert J"]
[Black "Verde, Pino"]
[Result "1-0"]
[WhiteElo "1814"]
[BlackElo "1757"]
[PlyCount "71"]
[GameId "2160767910092941"]
[EventDate "2009.09.05"]
[EventType "swiss"]
[EventRounds "6"]
[EventCountry "CAN"]
[SourceTitle "EXT 2011"]
[Source "ChessBase"]
[SourceDate "2011.11.26"]
[SourceVersion "1"]
[SourceVersionDate "2011.11.26"]
[SourceQuality "1"]

1. d4 d5 2. c4 e5 3. dxe5 d4 4. a3 Nc6 5. Nf3 Bg4 6. Bf4 Bxf3 7. exf3 g5 8. Bg3 Bg7 9. Bd3 h5 10. h3 h4 11. Bh2 Nxe5 12. O-O Ne7 13. Re1 Nxd3 14. Qxd3 O-O 15. Nd2 c5 16. Ne4 Rc8 17. Nxg5 Ng6 18. Qf5 b6 19. Nxf7 Rxf7 20. Qxg6 Re7 21. Bd6 Rf7 22. Be5 Qd7 23. Re4 Rc6 24. Qg4 d3 25. Qxd7 Rxd7 26. Bxg7 Kxg7 27. Rxh4 d2 28. Rd1 Rcd6 29. Kf1 Rd3 30. Ke2 a6 31. Rh5 R3d4 32. Rd5 Re7+ 33. Kf1 Re1+ 34. Rxe1 dxe1=R+ 35. Kxe1 Rxc4 36. Kd2 1-0